000 00888nam a2200277 a 4500
001 58248
003 BD-RjUL
005 20211209080612.0
008 161217s1967 enkb b 000 0 eng
035 _a(BD-RjUL)58372
040 _aDLC
_cDLC
_dDLC
_beng
041 _aeng
082 0 0 _a330.944
_223
_bHEI 1967
100 1 _aHenderson, W. O.
_q(William Otto),
_d1904-1993.
_9173023
245 1 4 _aThe Industrial Revolution on the continent: Germany, France, Russian, 1800-1914 /
_c[by] W. O. Henderson.
250 _a2nd ed.
260 _aLondon :
_bCass,
_c1967.
300 _aix, 291 p. :
_b9 maps. ;
_c23 cm.
350 _a30/-
504 _aBibliography: p. 247-261.
650 0 _aIndustrial revolution
_zGermany.
_9173024
650 0 _aIndustrial revolution
_zFrance.
_9173025
650 0 _aIndustrial revolution
_zRussia.
_9173026
942 _2ddc
_cBK
999 _c58248
_d58248